Remarketing a jeho význam v online marketingu

Salvato in:
Dettagli Bibliografici
Autore principale: Dzuričková, Jana
Altri autori: Beslerová, Stela
Natura: Capitolo di libro
Lingua:slovacco
Soggetti:
Tags: Aggiungi Tag
Nessun Tag, puoi essere il primo ad aggiungerne!!

MARC

LEADER 00000nla a2200000 4500
001 0214594
005 20240502073604.4
041 0 |a slo 
044 |a SK 
245 1 0 |a Remarketing a jeho význam v online marketingu  |c Jana Dzuričková, Stela Beslerová 
500 |a Abstrakt 
610 2 0 |a marketing elektronický 
610 2 0 |a nástroje marketingové 
610 2 0 |a komunikácia marketingová 
610 2 0 |a stránky webové 
610 2 0 |a internet 
610 2 0 |a správanie spotrebiteľa 
100 1 |a Dzuričková, Jana 
700 1 |a Beslerová, Stela